Think psychology / (Record no. 74)
[ view plain ]
| 000 -LEADER | |
|---|---|
| fixed length control field | 00868cam a2200289Ma 4500 |
| 003 - CONTROL NUMBER IDENTIFIER | |
| control field | ALUPE UNIVERSITY |
| 005 - DATE AND TIME OF LATEST TRANSACTION | |
| control field | 20230821090806.0 |
| 008 - FIXED-LENGTH DATA ELEMENTS--GENERAL INFORMATION | |
| fixed length control field | 101118s2011 onc b 001 0 eng d |
| 020 ## - INTERNATIONAL STANDARD BOOK NUMBER | |
| International Standard Book Number | - |
| 040 ## - CATALOGING SOURCE | |
| Transcribing agency | ALUPE UNIVERSITY |
| 050 ## - LIBRARY OF CONGRESS CALL NUMBER | |
| Classification number | BF75 |
| Item number | .BF75 2011 |
| 055 #0 - CLASSIFICATION NUMBERS ASSIGNED IN CANADA | |
| Classification number | BF75 |
| Item number | .B353 2011 |
| 090 ## - LOCALLY ASSIGNED LC-TYPE CALL NUMBER (OCLC); LOCAL CALL NUMBER (RLIN) | |
| Classification number (OCLC) (R) ; Classification number, CALL (RLIN) (NR) | 150 BAI |
| 100 1# - MAIN ENTRY--PERSONAL NAME | |
| Personal name | Baird, Abigail A. |
| 245 10 - TITLE STATEMENT | |
| Title | Think psychology / |
| Statement of responsibility, etc. | Abigail Baird and Anjanie McCarthy. |
| 250 ## - EDITION STATEMENT | |
| Edition statement | Canadian edition |
| 260 ## - PUBLICATION, DISTRIBUTION, ETC. | |
| Place of publication, distribution, etc. | Toronto : |
| Name of publisher, distributor, etc. | Prentice Hall, |
| Date of publication, distribution, etc. | c2011. |
| 300 ## - PHYSICAL DESCRIPTION | |
| Extent | xi, 332 pages : |
| Other physical details | illustrations color ; |
| Dimensions | 27 cm. |
| 336 ## - CONTENT TYPE | |
| Content type term | text |
| Content type code | txt |
| Source | rdacontent |
| 337 ## - MEDIA TYPE | |
| Media type term | unmediated |
| Media type code | n |
| Source | rdamedia |
| 338 ## - CARRIER TYPE | |
| Carrier type term | volume |
| Carrier type code | nc |
| Source | rdacarrier |
| 504 ## - BIBLIOGRAPHY, ETC. NOTE | |
| Bibliography, etc. note | Includes bibliographical references and index. |
| 650 #0 - SUBJECT ADDED ENTRY--TOPICAL TERM | |
| Topical term or geographic name entry element | Psychology |
| Form subdivision | Textbooks. |
| 700 1# - ADDED ENTRY--PERSONAL NAME | |
| Personal name | McCarthy, Anjanie, |
| Dates associated with a name | 1976- |
| 910 ## - USER-OPTION DATA (OCLC) | |
| User-option data | Canadian. |
| 942 ## - ADDED ENTRY ELEMENTS (KOHA) | |
| Source of classification or shelving scheme | |
| Koha item type | Book |
| Suppress in OPAC | JO |
| Withdrawn status | Lost status | Source of classification or shelving scheme | Damaged status | Not for loan | Permanent Location | Current Location | Shelving location | Date acquired | Source of acquisition | Total Checkouts | Total Renewals | Full call number | Barcode | Date last seen | Date last checked out | Copy number | Price effective from | Koha item type | Public note |
|---|---|---|---|---|---|---|---|---|---|---|---|---|---|---|---|---|---|---|---|
| AU LIBRARY | AU LIBRARY | Open Shelf | 27.05.2021 | DONATION BY MU | 1 | BF 75 .B353 2011 C1 | 28000926 | 15.10.2021 | 15.10.2021 | 1 | 27.05.2021 | Book | IO | ||||||
| AU LIBRARY | AU LIBRARY | Open Shelf | 27.05.2021 | DONATION BY MU | 1 | BF 75 .B353 2011 C2 | 28000927 | 15.10.2021 | 15.10.2021 | 2 | 27.05.2021 | Book | IO | ||||||
| AU LIBRARY | AU LIBRARY | Open Shelf | 27.05.2021 | DONATION BY MU | 1 | BF 75 .B353 2011 C3 | 28000925 | 15.10.2021 | 15.10.2021 | 3 | 27.05.2021 | Book | IO | ||||||
| AU LIBRARY | AU LIBRARY | Open Shelf | 10.06.2021 | BF75 .B353 2011 C4 | 28000928 | 10.06.2021 | 4 | 10.06.2021 | Book | MW | |||||||||
| AU LIBRARY | AU LIBRARY | Open Shelf | 10.06.2021 | BF75 .B353 2011 C5 | 28000929 | 10.06.2021 | 5 | 10.06.2021 | Book | MW | |||||||||
| AU LIBRARY | AU LIBRARY | Open Shelf | 10.06.2021 | BF75 .B353 2011 C6 | 28000930 | 10.06.2021 | 6 | 10.06.2021 | Book | MW |